000 00932nam2a22002651 4500
001 RU\NLR\INFOCOMM55\5000159924
005 20250617120344.0
035 _a(NLR Aleph) 002588495
090 _a3339668
_c3339668
100 _a20041020d1977 |||y0rusy50 ca
101 0 _arus
_aeng
102 _aRU
105 _ay ||||000|y
200 1 _aКатализ μ¯-мезонами реакции синтеза ядер дейтерия и трития
_fС.С. Герштейн, Л.И. Пономарев
210 _d1977
_aБ. м.
461 0 _1001RU\NLR\INFOCOMM15\1000176112
_12001#$aИздания$fОбъедин. ин-т ядерных исследований$vР4-10936
700 1 _aГерштейн
_bС.С.
_4070
701 1 _aПономарев
_bЛ.И.
_4070
801 1 _aRU
_bInfoComm
_c20050113
801 0 _aRU
_bNLR
_gPSBO
852 _aNLR
_jП11/2061
942 _cISSUE
980 _aNB
980 _aRUSPER